000
00304nam a22001337a 4500
008
180221b xxu||||| |||| 00| 0 eng d
020
_a
526268001
041
_a
eng
080
_a
330
100
_a
52
101
_a
EKO
245
_a
Economics as a Coordination Problem
_c
Driscoll, G.P
942
_2
udc
_c
BK
999
_c
42994
_d
42994